Một số khởi động đơn giản bằng trò chơi trong việc dạy - học ngoại ngữ 6 THCS

Đã lưu trong:
Chi tiết về thư mục
Tác giả chính: Trương Thị Thảo Th.S (Chủ nhiệm đề tài)
Định dạng: Sách
Được phát hành: 2003
Các nhãn: Thêm thẻ
Không có thẻ, Là người đầu tiên thẻ bản ghi này!
Thư viện lưu trữ: Mạng thư viện Đại học Đà Nẵng
LEADER 00777nam a2200229 4500
001 000021200
003 17647
005 20150415140405.0
008 150415s2003 sd
100 1 |a Trương Thị Thảo  |c Th.S  |e Chủ nhiệm đề tài 
245 1 0 |a Một số khởi động đơn giản bằng trò chơi trong việc dạy - học ngoại ngữ 6 THCS  |c Trương Thị Thảo 
260 |c 2003 
500 |a Đề tài NCKH cấp Trường Đại học Sư Phạm Đà Nẵng . Mã số : T03-16-55 
OWN |a LSP 
999 |a From the UDN01 
TYP |a Mixed Materials 
TYP |a Monograph 
TYP |a Printed language 
980 |a Mạng thư viện Đại học Đà Nẵng